| 000 | 00607nam a2200169 i 4500 | ||
|---|---|---|---|
| 001 | 47318 | ||
| 003 | ES-MaACL | ||
| 005 | 20230906161536.0 | ||
| 007 | t| | ||
| 008 | 030407s1898 sp ||||1| spa d | ||
| 100 | 0 |
_aCoppée, François. _940420 |
|
| 245 | 1 | 3 |
_aLa conversión de Francisco Coppée _b: prefacio puesto por este ilustre poeta a su obra "La Bonne Souffrance" / traducción de Álvaro L. Núñez. |
| 260 |
_aMadrid : _b[s.n.], _c1898 ( _fImp. de S. Francisco de Sales) |
||
| 300 |
_a42 p. ; _c14 cm. |
||
| 700 | 1 |
_aNúñez, Alvaro L. _986138 |
|
| 852 |
_aES-MaACL _jT-947-F-1 _z.- Donat. traductor |
||
| 999 |
_c47318 _d47318 |
||